La plupart des villes de France - Statistiques

Statistiques générales
  • Ce quiz a été pris 415 fois
  • Le résultat moyen est 16 sur 20
Statistiques - réponses
% ville % Correct
99 Marseille
100%
100 Paris
100%
99 Lyon
98%
96 Nice
96%
96 Lille
95%
97 Toulouse
95%
96 Bordeaux
94%
95 Strasbourg
93%
94 Nantes
90%
93 Rennes
87%
90 Montpellier
81%
89 Brest
75%
85 Toulon
71%
83 Grenoble
69%
85 Dijon
66%
80 Reims
62%
83 Saint-Étienne
61%
80 Le Havre
60%
80 Nancy
60%
81 Caen
51%
Aucun quiz correspondant
Distribution des résultats
% des personnes avec chaque résultat
Percentile par nombre de réponses
Votre historique - résultats
Vous n’avez pas pris ce quiz